[Event "XII. DBMM Schach"]
[Site "Berlin"]
[Date "2012.10.13"]
[Round "6.3"]
[White "Haseloff, Harald"]
[Black "Vogel, Tobias"]
[Result "1-0"]
[WhiteElo "2145"]
[BlackElo "1945"]
[Annotator "br"]
[PlyCount "69"]
[EventDate "2012.??.??"]
[Source "FV Schach e.V."]
[SourceDate "2012.10.14"]
[WhiteTeam "SG Bund Berlin"]
[BlackTeam "SK Praesident Berlin II"]
[WhiteTeamCountry "GER"]
[BlackTeamCountry "RUS"]

1. e4 e5 2. Nf3 Nf6 3. Nc3 Bb4 4. Nxe5 Qe7 5. Nd3 Bxc3 6. dxc3 Qxe4+ 7. Qe2 O-O
8. Qxe4 Nxe4 9. f3 Nf6 10. Bg5 Re8+ 11. Kd2 Nd5 12. c4 Nb6 13. c5 Nc4+ 14. Kc3
d5 15. b3 Na5 16. Bf4 Na6 17. b4 Nc4 18. b5 Nb8 19. Bxc7 Bf5 20. Nb4 Ne3 21. g4
Bg6 22. Bd3 Nd7 23. Kd4 Bxd3 24. cxd3 Rac8 25. Bd6 a5 26. bxa6 bxa6 27. Rae1 a5
28. Rxe3 Rxe3 29. Kxe3 axb4 30. Kd4 h6 31. Rb1 Nf6 32. Rxb4 Kh7 33. a4 Rc6 34.
Rb6 Rc8 35. a5 1-0

[Event "XII. DBMM Schach"]
[Site "Berlin"]
[Date "2012.10.13"]
[Round "6.4"]
[White "Kostyuchenko, Dmitry"]
[Black "Heuer, Thomas"]
[Result "0-1"]
[WhiteElo "1900"]
[BlackElo "2209"]
[Annotator "br"]
[PlyCount "72"]
[EventDate "2012.??.??"]
[Source "FV Schach e.V."]
[SourceDate "2012.10.14"]
[WhiteTeam "SK Praesident Berlin II"]
[BlackTeam "SG Bund Berlin"]
[WhiteTeamCountry "RUS"]
[BlackTeamCountry "GER"]

1. d4 d5 2. c4 e6 3. Nc3 Be7 4. cxd5 exd5 5. Bf4 c6 6. e3 Bf5 7. g4 Be6 8. Bd3
Nd7 9. h3 Nf8 10. Nge2 g5 11. Be5 f6 12. Bh2 h5 13. Ng3 hxg4 14. hxg4 Rh4 15.
f3 Bd6 16. Kf2 Qc7 17. Qg1 O-O-O 18. Rc1 a6 19. Nf1 Ne7 20. Bxd6 Qxd6 21. Rxh4
gxh4 22. Qh2 Nfg6 23. Qxd6 Rxd6 24. Ne2 f5 25. g5 Rd8 26. f4 Kb8 27. b4 Nc8 28.
a4 Nd6 29. b5 axb5 30. axb5 cxb5 31. Nd2 Rc8 32. Rxc8+ Kxc8 33. Nc3 b4 34. Na2
Nc4 35. Bxc4 dxc4 36. Nxb4 b5 {Rest unleserlich.} 0-1

[Event "XII. DBMM Schach"]
[Site "Berlin"]
[Date "2012.10.13"]
[Round "6.1"]
[White "Schulz, Michael"]
[Black "Mueller, Ralf"]
[Result "1-0"]
[WhiteElo "2239"]
[BlackElo "2412"]
[Annotator "br"]
[PlyCount "65"]
[EventDate "2012.??.??"]
[Source "FV Schach e.V."]
[SourceDate "2012.10.14"]
[WhiteTeam "SV OSRAM Berlin"]
[BlackTeam "SG Stern Stuttgart"]
[WhiteTeamCountry "GER"]
[BlackTeamCountry "GER"]

1. d4 Nf6 2. Bg5 Ne4 3. Bf4 d5 4. Nd2 Nf6 5. e3 g6 6. Ngf3 Bg7 7. Be2 Nh5 8.
Be5 f6 9. Bg3 Nxg3 10. hxg3 e5 11. dxe5 fxe5 12. c4 c6 13. Qb3 e4 14. Nd4 Na6
15. cxd5 Nc5 16. Qc3 Qxd5 17. O-O Qe5 18. b4 Ne6 19. Qc2 Nxd4 20. exd4 Qxd4 21.
Rad1 O-O 22. Bc4+ Kh8 23. Nxe4 Qe5 24. Nd6 Bg4 25. f3 Bf5 26. Qf2 h5 27. Nf7+
Rxf7 28. Bxf7 Qe7 29. Bb3 Qxb4 30. g4 Bf8 31. Qb2+ Bg7 32. Qf2 Bf8 33. Rd4 1-0

[Event "XII. DBMM Schach"]
[Site "Berlin"]
[Date "2012.10.13"]
[Round "6.2"]
[White "Sokratov, Stanislav"]
[Black "Hintze, Peter"]
[Result "1-0"]
[WhiteElo "2173"]
[BlackElo "2076"]
[Annotator "br"]
[PlyCount "77"]
[EventDate "2012.??.??"]
[Source "FV Schach e.V."]
[SourceDate "2012.10.14"]
[WhiteTeam "SG Stern Stuttgart"]
[BlackTeam "SV OSRAM Berlin"]
[WhiteTeamCountry "GER"]
[BlackTeamCountry "GER"]

1. d4 Nf6 2. c4 c5 3. d5 b5 4. cxb5 a6 5. bxa6 Bxa6 6. Nc3 g6 7. g3 d6 8. Bg2
Bg7 9. Nf3 O-O 10. O-O Nbd7 11. Rb1 Qb6 12. Qc2 Rfb8 13. b3 Ne8 14. Rd1 Nc7 15.
a4 Ne5 16. Bg5 Re8 17. e4 Rab8 18. Nxe5 Bxe5 19. Na2 f6 20. Be3 Bd4 21. Bxd4
cxd4 22. b4 Rec8 23. Qb3 Be2 24. Rd2 Bg4 25. Qd3 Qa7 26. Qxd4 Qxa4 27. Nc3 Qd7
28. Bf1 Na8 29. Ra1 Rc7 30. Rda2 Qc8 31. Nb5 Rc1 32. Na7 Rxa1 33. Rxa1 Qc2 34.
Nc6 Re8 35. Ra7 Qb1 36. Ra1 Qc2 37. b5 Bf3 38. Nxe7+ Kf7 39. Nc6 1-0

[Event "XII. DBMM Schach"]
[Site "Berlin"]
[Date "2012.10.13"]
[Round "6.3"]
[White "Rath, Alina"]
[Black "Kraemer, Sigfried"]
[Result "1-0"]
[WhiteElo "2023"]
[BlackElo "2146"]
[Annotator "br"]
[PlyCount "83"]
[EventDate "2012.??.??"]
[Source "FV Schach e.V."]
[SourceDate "2012.10.14"]
[WhiteTeam "SV OSRAM Berlin"]
[BlackTeam "SG Stern Stuttgart"]
[WhiteTeamCountry "GER"]
[BlackTeamCountry "GER"]

1. c4 e6 2. Nc3 d5 3. d4 Nf6 4. Nf3 c6 5. e3 Nbd7 6. Qc2 Be7 7. b3 O-O 8. Bd3
b6 9. O-O Bb7 10. Bb2 h6 11. Rad1 Rc8 12. Rfe1 Qc7 13. e4 dxe4 14. Nxe4 Nxe4
15. Bxe4 Nf6 16. c5 Nd5 17. a3 a5 18. Ne5 Rfd8 19. Bh7+ Kf8 20. Nxf7 Kxf7 21.
Qg6+ Kf8 22. Qxe6 Nf6 23. Bg6 Bxc5 24. dxc5 Rxd1 25. Rxd1 Qe7 26. Qxe7+ Kxe7
27. Be5 Nd7 28. Rxd7+ Kxd7 29. Bf5+ Ke7 30. Bxc8 Bxc8 31. cxb6 g6 32. Bc3 a4
33. bxa4 Kd6 34. Kf1 Kc5 35. a5 Kc4 36. Bd2 h5 37. Ke2 Kb3 38. Kd3 c5 39. Ke4
Bb7+ 40. Ke5 c4 41. Kd6 c3 42. Bxc3 1-0

[Event "XII. DBMM Schach"]
[Site "Berlin"]
[Date "2012.10.13"]
[Round "6.4"]
[White "Karthaus, Carsten"]
[Black "Rath, Oliver"]
[Result "1/2-1/2"]
[WhiteElo "1965"]
[BlackElo "1939"]
[Annotator "br"]
[PlyCount "40"]
[EventDate "2012.??.??"]
[Source "FV Schach e.V."]
[SourceDate "2012.10.14"]
[WhiteTeam "SG Stern Stuttgart"]
[BlackTeam "SV OSRAM Berlin"]
[WhiteTeamCountry "GER"]
[BlackTeamCountry "GER"]

1. e4 c5 2. Nf3 Nc6 3. d4 cxd4 4. Nxd4 Nf6 5. Nc3 d6 6. Be2 e6 7. O-O Be7 8.
Be3 O-O 9. Qd2 a6 10. f4 e5 11. Nxc6 bxc6 12. fxe5 dxe5 13. Qxd8 Rxd8 14. Rad1
Rxd1 15. Rxd1 Be6 16. Bf3 Rb8 17. b3 Ng4 18. Bf2 Nxf2 19. Kxf2 g6 20. Na4 a5
1/2-1/2

[Event "XII. DBMM Schach"]
[Site "Berlin"]
[Date "2012.10.13"]
[Round "6.1"]
[White "Blum, Norbert"]
[Black "Gottschalk, Jens"]
[Result "0-1"]
[WhiteElo "2016"]
[BlackElo "2269"]
[Annotator "br"]
[PlyCount "74"]
[EventDate "2012.??.??"]
[Source "FV Schach e.V."]
[SourceDate "2012.10.14"]
[WhiteTeam "Sparkassenvers. Stuttgart"]
[BlackTeam "R+V Vers. Wiesbaden"]
[WhiteTeamCountry "GER"]
[BlackTeamCountry "GER"]

1. e4 c5 2. c3 Nf6 3. e5 Nd5 4. d4 cxd4 5. Nf3 Nc6 6. cxd4 d6 7. Bc4 Nb6 8. Bb5
dxe5 9. Nxe5 Bd7 10. Bxc6 Bxc6 11. Nxc6 bxc6 12. Nc3 g6 13. Be3 Bg7 14. Rc1 O-O
15. O-O Rc8 16. Qe2 Nd5 17. Qa6 e5 18. Qxa7 Nxe3 19. fxe3 exd4 20. Rfd1 c5 21.
Ne4 Qe8 22. Nxc5 Qxe3+ 23. Kh1 Ra8 24. Qb7 Rxa2 25. Nd3 Raa8 26. b4 h5 27. b5
Ra3 28. Nb2 Rc3 29. Rb1 Re8 30. Qd5 Re5 31. Qa8+ Kh7 32. b6 Rb3 33. b7 Reb5 34.
Nc4 Rxb1 35. Nxe3 dxe3 36. g3 Rxd1+ 37. Kg2 Rdb1 0-1

[Event "XII. DBMM Schach"]
[Site "Berlin"]
[Date "2012.10.13"]
[Round "6.2"]
[White "Bach, Matthias"]
[Black "Marten, Gero"]
[Result "1/2-1/2"]
[WhiteElo "2263"]
[BlackElo "2032"]
[Annotator "br"]
[PlyCount "50"]
[EventDate "2012.??.??"]
[Source "FV Schach e.V."]
[SourceDate "2012.10.14"]
[WhiteTeam "R+V Vers. Wiesbaden"]
[BlackTeam "Sparkassenvers. Stuttgart"]
[WhiteTeamCountry "GER"]
[BlackTeamCountry "GER"]

1. d4 Nf6 2. c4 e6 3. g3 Bb4+ 4. Bd2 Qe7 5. Bg2 Nc6 6. Nf3 O-O 7. O-O Bxd2 8.
Nbxd2 d6 9. e4 e5 10. d5 Nb8 11. Ne1 a5 12. Nd3 Na6 13. h3 Bd7 14. g4 c6 15.
Qb3 Nc5 16. Nxc5 dxc5 17. Rfd1 Rfb8 18. Qc3 Be8 19. Nf1 Rd8 20. Ne3 g6 21. Rf1
cxd5 22. exd5 Bd7 23. b3 Nh5 24. Rae1 f5 25. Kh2 Qd6 {Rest unleserlich.}
1/2-1/2

[Event "XII. DBMM Schach"]
[Site "Berlin"]
[Date "2012.10.13"]
[Round "6.3"]
[White "Bischoff, Ulrich"]
[Black "Werner, Gregor"]
[Result "1-0"]
[WhiteElo "2107"]
[BlackElo "2172"]
[Annotator "br"]
[PlyCount "43"]
[EventDate "2012.??.??"]
[Source "FV Schach e.V."]
[SourceDate "2012.10.14"]
[WhiteTeam "Sparkassenvers. Stuttgart"]
[BlackTeam "R+V Vers. Wiesbaden"]
[WhiteTeamCountry "GER"]
[BlackTeamCountry "GER"]

1. e4 e6 2. d4 d5 3. Nc3 dxe4 4. Nxe4 Be7 5. Nf3 Nf6 6. Bd3 Nbd7 7. Qe2 O-O 8.
Bg5 c5 9. dxc5 Nxc5 10. Nxc5 Qa5+ 11. Bd2 Qxc5 12. O-O-O b6 13. Rhe1 Bb7 14.
Ng5 Rac8 15. Kb1 Bd5 16. f4 g6 17. Bc3 Qc6 18. f5 h6 19. fxg6 hxg5 20. Bxf6
Bxf6 21. Qh5 Bxa2+ 22. Ka1 1-0

[Event "XII. DBMM Schach"]
[Site "Berlin"]
[Date "2012.10.13"]
[Round "6.4"]
[White "Schmitt, Carsten"]
[Black "Pachl, Manfred"]
[Result "1-0"]
[WhiteElo "2001"]
[BlackElo "1766"]
[Annotator "br"]
[PlyCount "81"]
[EventDate "2012.??.??"]
[Source "FV Schach e.V."]
[SourceDate "2012.10.14"]
[WhiteTeam "R+V Vers. Wiesbaden"]
[BlackTeam "Sparkassenvers. Stuttgart"]
[WhiteTeamCountry "GER"]
[BlackTeamCountry "GER"]

1. c4 c5 2. g3 Nc6 3. Bg2 d6 4. Nc3 g6 5. Rb1 Bd7 6. a3 Bg7 7. d3 Rb8 8. Bd2
Nd4 9. e3 Bc6 10. f3 Ne6 11. b4 cxb4 12. axb4 b5 13. Nxb5 Bxb5 14. cxb5 Nf6 15.
f4 O-O 16. Ne2 Qb6 17. Nc3 Ne8 18. Nd5 Qd8 19. Qa4 Qd7 20. O-O Nf6 21. Nxf6+
Bxf6 22. Bc6 Qc7 23. Rfc1 Qb6 24. Bd7 Nc7 25. Rc6 Qb7 26. Rc2 Nxb5 27. Bc6 Qb6
28. Bd7 Rfd8 29. Bh3 e6 30. Rbc1 d5 31. Rc6 Qb7 32. g4 Rd7 33. f5 Rc7 34. Rxc7
Nxc7 35. Qd7 Na6 36. fxe6 fxe6 37. Qxe6+ Kg7 38. Rc6 Rf8 39. Rxa6 Qb8 40. Qd6
Qa8 41. Bg2 1-0

[Event "XII. DBMM Schach"]
[Site "Berlin"]
[Date "2012.10.13"]
[Round "6.1"]
[White "Segerberg, Tomas"]
[Black "Hoffmann, Udo"]
[Result "1/2-1/2"]
[WhiteElo "2038"]
[BlackElo "2199"]
[Annotator "br"]
[PlyCount "52"]
[EventDate "2012.??.??"]
[Source "FV Schach e.V."]
[SourceDate "2012.10.14"]
[WhiteTeam "Europ. Patentamt MUC"]
[BlackTeam "BA Berlin Tempelhof II"]
[WhiteTeamCountry "GER"]
[BlackTeamCountry "GER"]

1. c4 c5 2. Nf3 b6 3. d4 cxd4 4. Nxd4 Bb7 5. Nc3 Nf6 6. f3 a6 7. e4 d6 8. Be3
e6 9. Be2 Be7 10. O-O O-O 11. Qd2 Qc7 12. a4 Nc6 13. Rfe1 Rac8 14. Nxc6 Qxc6
15. a5 bxa5 16. Rxa5 Qc7 17. Raa1 Qb8 18. Bf1 Rfe8 19. Kh1 Nd7 20. Na4 Nc5 21.
Nxc5 dxc5 22. Bf4 Qa7 23. Qf2 Qa8 24. h4 Rc6 25. h5 h6 26. Red1 Rd8 1/2-1/2

[Event "XII. DBMM Schach"]
[Site "Berlin"]
[Date "2012.10.13"]
[Round "6.2"]
[White "Sarre, Sascha"]
[Black "Domingo, Miguel"]
[Result "0-1"]
[WhiteElo "1839"]
[BlackElo "2184"]
[Annotator "br"]
[PlyCount "54"]
[EventDate "2012.??.??"]
[Source "FV Schach e.V."]
[SourceDate "2012.10.14"]
[WhiteTeam "BA Berlin Tempelhof II"]
[BlackTeam "Europ. Patentamt MUC"]
[WhiteTeamCountry "GER"]
[BlackTeamCountry "GER"]

1. Nf3 c5 2. c4 g6 3. g3 Bg7 4. Bg2 Nc6 5. Nc3 e5 6. d3 Nge7 7. O-O d6 8. Rb1
O-O 9. a3 a5 10. Bd2 Rb8 11. Ne1 Be6 12. Nd5 b5 13. b4 axb4 14. axb4 bxc4 15.
dxc4 Nxb4 16. Bxb4 cxb4 17. Nd3 Bxd5 18. cxd5 Qa5 19. Qb3 Rb5 20. Ra1 Qb6 21.
Ra4 Rb8 22. Rb1 Qd4 23. Rxb4 Rxb4 24. Nxb4 e4 25. e3 Qc5 26. Bxe4 Bc3 27. Rc1
Qxb4 0-1

[Event "XII. DBMM Schach"]
[Site "Berlin"]
[Date "2012.10.13"]
[Round "6.3"]
[White "Heer, Stephan"]
[Black "Kreuchauf, Olaf"]
[Result "1-0"]
[WhiteElo "2054"]
[BlackElo "1630"]
[Annotator "br"]
[PlyCount "77"]
[EventDate "2012.??.??"]
[Source "FV Schach e.V."]
[SourceDate "2012.10.14"]
[WhiteTeam "Europ. Patentamt MUC"]
[BlackTeam "BA Berlin Tempelhof II"]
[WhiteTeamCountry "GER"]
[BlackTeamCountry "GER"]

1. d4 Nf6 2. c4 c5 3. d5 b5 4. cxb5 a6 5. b6 d6 6. Nc3 Nbd7 7. a4 Qxb6 8. a5
Qb7 9. Nf3 e6 10. e4 Be7 11. Bc4 e5 12. O-O O-O 13. Ne1 Re8 14. Nd3 Bf8 15. Be3
g6 16. f3 Bg7 17. Qd2 Kh8 18. Rab1 Ng8 19. g4 f5 20. g5 f4 21. Bf2 Bf8 22. Na4
Be7 23. h4 Qc7 24. Qc3 Bd8 25. Be1 Nf8 26. Nxf4 Qg7 27. Ng2 Rb8 28. Qd3 Bd7 29.
Nb6 Bxb6 30. axb6 Rxb6 31. Bxa6 Ra8 32. Bc4 Rab8 33. Bc3 h6 34. f4 Bb5 35. Bxb5
Rxb5 36. fxe5 dxe5 37. Qg3 Rb3 38. Qxe5 Rxc3 39. Qxc3 1-0

[Event "XII. DBMM Schach"]
[Site "Berlin"]
[Date "2012.10.13"]
[Round "6.4"]
[White "Fischer, Anke"]
[Black "Jachs, Walter"]
[Result "0-1"]
[WhiteElo "1710"]
[BlackElo "2066"]
[Annotator "br"]
[PlyCount "58"]
[EventDate "2012.??.??"]
[Source "FV Schach e.V."]
[SourceDate "2012.10.14"]
[WhiteTeam "BA Berlin Tempelhof II"]
[BlackTeam "Europ. Patentamt MUC"]
[WhiteTeamCountry "GER"]
[BlackTeamCountry "GER"]

1. e4 d6 2. d4 Nf6 3. Bd3 Nc6 4. Nf3 e5 5. c3 g6 6. d5 Ne7 7. h3 Bg7 8. O-O O-O
9. Be3 Ne8 10. Qd2 f5 11. Bh6 f4 12. Bxg7 Kxg7 13. c4 h6 14. Nc3 g5 15. Nh2 Nf6
16. f3 h5 17. Be2 Ng6 18. Nd1 g4 19. hxg4 hxg4 20. Nxg4 Bxg4 21. fxg4 Nxe4 22.
Qc2 Ng3 23. Re1 Qh4 24. Nf2 Nxe2+ 25. Qxe2 f3 26. gxf3 Qg3+ 27. Kf1 Rxf3 28.
Red1 Raf8 29. Rd2 Nf4 0-1

[Event "XII. DBMM Schach"]
[Site "Berlin"]
[Date "2012.10.13"]
[Round "6.1"]
[White "Kropman, Alexei"]
[Black "Graudons, Karsten"]
[Result "0-1"]
[WhiteElo "2105"]
[BlackElo "2043"]
[Annotator "br"]
[PlyCount "49"]
[EventDate "2012.??.??"]
[Source "FV Schach e.V."]
[SourceDate "2012.10.14"]
[WhiteTeam "SV Senat Berlin II"]
[BlackTeam "SG Bund Berlin II"]
[WhiteTeamCountry "GER"]
[BlackTeamCountry "GER"]

1. e4 e5 2. Nf3 Nf6 3. Bc4 Nc6 4. Ng5 d5 5. exd5 Na5 6. Bb5+ c6 7. dxc6 bxc6 8.
Bd3 Nd5 9. Nf3 Bd6 10. Nc3 Nf4 11. O-O Nxd3 12. cxd3 O-O 13. Re1 Bg4 14. h3 Bh5
15. g4 Bg6 16. Nxe5 Qh4 17. Kg2 Bc5 18. Rf1 Rfe8 19. Nd7 Bxd3 20. Nxc5 Bxf1+
21. Qxf1 f5 22. f3 fxg4 23. hxg4 Re1 24. Qxe1 Qxe1 25. N5e4 0-1

[Event "XII. DBMM Schach"]
[Site "Berlin"]
[Date "2012.10.13"]
[Round "6.2"]
[White "Hoffbauer, Joerg"]
[Black "Major, Vitalij"]
[Result "1-0"]
[WhiteElo "1744"]
[BlackElo "2076"]
[Annotator "br"]
[PlyCount "75"]
[EventDate "2012.??.??"]
[Source "FV Schach e.V."]
[SourceDate "2012.10.14"]
[WhiteTeam "SG Bund Berlin II"]
[BlackTeam "SV Senat Berlin II"]
[WhiteTeamCountry "GER"]
[BlackTeamCountry "GER"]

1. d4 Nf6 2. c4 e6 3. Nf3 b6 4. g3 Ba6 5. Qc2 Bb7 6. Nc3 Bb4 7. Bg5 h6 8. Bxf6
Qxf6 9. Bg2 c5 10. d5 Bxc3+ 11. Qxc3 Qxc3+ 12. bxc3 d6 13. e4 e5 14. h4 Nd7 15.
Nd2 Ke7 16. f4 exf4 17. gxf4 g5 18. hxg5 hxg5 19. Rxh8 Rxh8 20. fxg5 Ne5 21. a4
Rh5 22. Nf3 Nxc4 23. Kf2 Bc8 24. Kg3 Bd7 25. Kf4 f6 26. gxf6+ Kxf6 27. Ra2 Ne5
28. Nxe5 Rxe5 29. a5 b5 30. a6 Rh5 31. Rb2 Rh4+ 32. Ke3 Ke5 33. Rf2 Rh7 34. Rf8
Rg7 35. Bf3 Re7 36. Be2 Re8 37. Rf7 Bc8 38. Bxb5 1-0

[Event "XII. DBMM Schach"]
[Site "Berlin"]
[Date "2012.10.13"]
[Round "6.3"]
[White "Albrecht, Rainer"]
[Black "Roth, Joachim"]
[Result "1-0"]
[WhiteElo "2122"]
[BlackElo "1823"]
[Annotator "br"]
[PlyCount "93"]
[EventDate "2012.??.??"]
[Source "FV Schach e.V."]
[SourceDate "2012.10.14"]
[WhiteTeam "SV Senat Berlin II"]
[BlackTeam "SG Bund Berlin II"]
[WhiteTeamCountry "GER"]
[BlackTeamCountry "GER"]

1. d4 e6 2. c4 d5 3. Nc3 c6 4. e3 f5 5. g4 Nf6 6. gxf5 exf5 7. Qb3 Ne4 8. Nf3
Nxc3 9. bxc3 b6 10. cxd5 cxd5 11. Bb5+ Kf7 12. Ne5+ Kf6 13. h4 Bb7 14. e4 Be7
15. Bg5+ Ke6 16. exf5+ Kxf5 17. Qd1 h5 18. Qf3+ Ke6 19. Qf7+ Kd6 20. Qxe7+ Qxe7
21. Bxe7+ Kxe7 22. Ng6+ Kf6 23. Nxh8 Nc6 24. Bxc6 Bxc6 25. Rg1 Rxh8 26. Kd2 Rd8
27. Rae1 Be8 28. Re5 Bf7 29. Rgg5 g6 30. Rg3 Rd7 31. Rf3+ Kg7 32. Rfe3 Kf6 33.
Re1 Rc7 34. Rb1 Rc4 35. Rb4 Rc7 36. a4 Rd7 37. Rb5 Be6 38. a5 bxa5 39. Rxa5 Bf7
40. Ra6+ Kg7 41. Re1 Rb7 42. Rea1 Rb2+ 43. Ke3 Rb3 44. R6a3 Rb7 45. Rxa7 Rxa7
46. Rxa7 Kf6 47. Kf4 1-0

[Event "XII. DBMM Schach"]
[Site "Berlin"]
[Date "2012.10.13"]
[Round "6.4"]
[White "Schmid, Juergen"]
[Black "Guenther, Thomas"]
[Result "1-0"]
[WhiteElo "2008"]
[BlackElo "1961"]
[Annotator "br"]
[PlyCount "67"]
[EventDate "2012.??.??"]
[Source "FV Schach e.V."]
[SourceDate "2012.10.14"]
[WhiteTeam "SG Bund Berlin II"]
[BlackTeam "SV Senat Berlin II"]
[WhiteTeamCountry "GER"]
[BlackTeamCountry "GER"]

1. e4 c5 2. Nc3 Nc6 3. Bb5 Nd4 4. Bc4 d6 5. Nf3 Nxf3+ 6. Qxf3 e6 7. d3 Nf6 8.
Qg3 a6 9. a4 Be7 10. O-O O-O 11. Bh6 Ne8 12. f4 Kh8 13. Bg5 f6 14. Bh4 Nc7 15.
Rae1 b6 16. Bb3 Re8 17. Kh1 d5 18. Qf3 d4 19. Ne2 f5 20. Bxe7 Rxe7 21. exf5
exf5 22. Ng3 Bd7 23. Re5 Rxe5 24. fxe5 g6 25. Re1 Be6 26. Qc6 Bxb3 27. cxb3 Nd5
28. e6 Ne3 29. Nf1 Rc8 30. e7 Qe8 31. Qf6+ Kg8 32. Qe6+ Kg7 33. Nxe3 dxe3 34.
Rxe3 1-0

[Event "XII. DBMM Schach"]
[Site "Berlin"]
[Date "2012.10.13"]
[Round "6.1"]
[White "Hilbig, Olaf"]
[Black "Bumes, Konrad"]
[Result "1-0"]
[WhiteElo "2167"]
[BlackElo "1911"]
[Annotator "br"]
[PlyCount "59"]
[EventDate "2012.??.??"]
[Source "FV Schach e.V."]
[SourceDate "2012.10.14"]
[WhiteTeam "Commerzbank Frankfurt AGI "]
[BlackTeam "Europ. Patentamt MUC II"]
[WhiteTeamCountry "GER"]
[BlackTeamCountry "GER"]

1. Nc3 d5 2. e4 c6 3. d4 dxe4 4. Nxe4 Nd7 5. Bd3 Ngf6 6. Nf3 Nxe4 7. Bxe4 Nf6
8. Bd3 Bg4 9. Bd2 Bxf3 10. Qxf3 Qxd4 11. O-O Qg4 12. Qe3 Nd5 13. Qe5 f6 14. Qe1
e5 15. h3 Qd7 16. Qe4 Bd6 17. Rad1 O-O-O 18. Qa4 Kb8 19. c4 Nb6 20. Qc2 Qe7 21.
a3 g6 22. b4 Bc7 23. c5 Nd5 24. b5 e4 25. Bxe4 cxb5 26. g3 f5 27. Bf3 Rhe8 28.
Rfe1 Qf7 29. Rxe8 Rxe8 30. Qb3 1-0

[Event "XII. DBMM Schach"]
[Site "Berlin"]
[Date "2012.10.13"]
[Round "6.2"]
[White "Oberpriller, Josef"]
[Black "Fischer, Alexander"]
[Result "1/2-1/2"]
[WhiteElo "1932"]
[BlackElo "1958"]
[Annotator "br"]
[PlyCount "101"]
[EventDate "2012.??.??"]
[Source "FV Schach e.V."]
[SourceDate "2012.10.14"]
[WhiteTeam "Europ. Patentamt MUC II"]
[BlackTeam "Commerzbank Frankfurt AGI "]
[WhiteTeamCountry "GER"]
[BlackTeamCountry "GER"]

1. d4 d5 2. Nc3 Nf6 3. Bg5 Ne4 4. Nxe4 dxe4 5. Bf4 c6 6. c3 Bf5 7. e3 e6 8. Ne2
Be7 9. f3 Qb6 10. Qb3 g5 11. Be5 f6 12. Qxb6 axb6 13. Bxb8 Rxb8 14. Ng3 exf3
15. gxf3 Bg6 16. Kd2 Kd7 17. Bd3 Bf7 18. h4 gxh4 19. Rxh4 f5 20. Rh3 h5 21. Rg1
Rbg8 22. Ne2 Rxg1 23. Nxg1 Rg8 24. Ne2 Bd6 25. f4 Ke7 26. Rg3 Rg4 27. Ke1 Kf6
28. Kf2 Ke7 29. Ng1 Be8 30. Be2 Rg6 31. Rxg6 Bxg6 32. Kg3 Kf8 33. Nf3 Be8 34.
Ng5 Bd7 35. Bxh5 Be7 36. Nf3 Bd6 37. Ne5 Ke7 38. Bf3 Bc7 39. Kh4 Bd8 40. Kg3
Bc7 41. Bh5 Bc8 42. Kf3 Bd8 43. e4 Kf6 44. Ke3 Bc7 45. Be8 Ke7 46. Bg6 Kf6 47.
Bh5 Ke7 48. Nc4 Bd8 49. Ne5 Bc7 50. Nf7 Bd7 51. Ne5 1/2-1/2

[Event "XII. DBMM Schach"]
[Site "Berlin"]
[Date "2012.10.13"]
[Round "6.3"]
[White "Brauer, Frank"]
[Black "Santos, Paulo"]
[Result "1/2-1/2"]
[WhiteElo "1881"]
[BlackElo "1866"]
[Annotator "br"]
[PlyCount "65"]
[EventDate "2012.??.??"]
[Source "FV Schach e.V."]
[SourceDate "2012.10.14"]
[WhiteTeam "Commerzbank Frankfurt AGI "]
[BlackTeam "Europ. Patentamt MUC II"]
[WhiteTeamCountry "GER"]
[BlackTeamCountry "GER"]

1. e4 e5 2. Nf3 Nc6 3. Bb5 a6 4. Bxc6 dxc6 5. O-O f6 6. d4 Bg4 7. dxe5 Qxd1 8.
Rxd1 fxe5 9. Rd3 Bd6 10. Nc3 Ne7 11. h3 Be6 12. b3 Ng6 13. Ne2 O-O-O 14. Bb2
Rhf8 15. Rad1 c5 16. c4 h6 17. Bc3 Rd7 18. Nd2 Rdf7 19. f3 Nf4 20. Nxf4 Rxf4
21. Kh2 g5 22. Nf1 Rh8 23. Rxd6 cxd6 24. Rxd6 Re8 25. Bxe5 Rf7 26. Ne3 Rd7 27.
Rxd7 Kxd7 28. Bg7 h5 29. Nd5 Bxd5 30. cxd5 g4 31. hxg4 hxg4 32. e5 b5 33. f4
1/2-1/2

[Event "XII. DBMM Schach"]
[Site "Berlin"]
[Date "2012.10.13"]
[Round "6.1"]
[White "Feikes, Joerg"]
[Black "Lehmann, Michael"]
[Result "1/2-1/2"]
[WhiteElo "1949"]
[BlackElo "1663"]
[Annotator "br"]
[PlyCount "46"]
[EventDate "2012.??.??"]
[Source "FV Schach e.V."]
[SourceDate "2012.10.14"]
[WhiteTeam "BA Berlin Tempelhof"]
[BlackTeam "BA Berlin Tempelhof III"]
[WhiteTeamCountry "GER"]
[BlackTeamCountry "GER"]

1. e4 c5 2. Nc3 Nc6 3. g3 g6 4. Bg2 Bg7 5. d3 d6 6. f4 e6 7. Nh3 Nge7 8. O-O
Bd7 9. Kh1 f5 10. g4 O-O 11. gxf5 exf5 12. Nd5 Qc8 13. Ng1 Be6 14. c3 Qd7 15.
Bd2 Rac8 16. Qe1 Bxd5 17. exd5 Nd8 18. Rf2 Nf7 19. Re2 Rfe8 20. Re6 Nd8 21. Re3
Bf6 22. a4 Nf7 23. Re6 Kg7 1/2-1/2

[Event "XII. DBMM Schach"]
[Site "Berlin"]
[Date "2012.10.13"]
[Round "6.2"]
[White "Koerting, Klaus"]
[Black "Kettenburg, Stefan"]
[Result "1/2-1/2"]
[WhiteElo "1643"]
[BlackElo "2033"]
[Annotator "br"]
[PlyCount "26"]
[EventDate "2012.??.??"]
[Source "FV Schach e.V."]
[SourceDate "2012.10.14"]
[WhiteTeam "BA Berlin Tempelhof III"]
[BlackTeam "BA Berlin Tempelhof"]
[WhiteTeamCountry "GER"]
[BlackTeamCountry "GER"]

1. d4 d5 2. c4 e6 3. a3 Nf6 4. e3 c6 5. Nc3 Be7 6. f4 O-O 7. Nf3 b6 8. Bd3 Bb7
9. O-O c5 10. dxc5 Bxc5 11. b4 Be7 12. Qe2 Nbd7 13. Bb2 Rc8 1/2-1/2

[Event "XII. DBMM Schach"]
[Site "Berlin"]
[Date "2012.10.13"]
[Round "6.3"]
[White "Koerlin, Hans Juergen"]
[Black "Wolf, Wilfried"]
[Result "1-0"]
[WhiteElo "1864"]
[BlackElo "1563"]
[Annotator "br"]
[PlyCount "50"]
[EventDate "2012.??.??"]
[Source "FV Schach e.V."]
[SourceDate "2012.10.14"]
[WhiteTeam "BA Berlin Tempelhof"]
[BlackTeam "BA Berlin Tempelhof III"]
[WhiteTeamCountry "GER"]
[BlackTeamCountry "GER"]

1. e4 e5 2. f4 Nc6 3. Nf3 exf4 4. d4 d5 5. exd5 Qxd5 6. c4 Qe4+ 7. Be2 Bb4+ 8.
Nc3 Bxc3+ 9. bxc3 Nge7 10. O-O O-O 11. Bd3 Qe6 12. Bxh7+ Kh8 13. Ng5 Qg4 14.
Qxg4 Bxg4 15. Rxf4 Bh5 16. Bd3 Bg6 17. Bxg6 fxg6 18. Ne6 Rxf4 19. Bxf4 Na5 20.
Nxc7 Rc8 21. Re1 Nf5 22. c5 Nc4 23. g4 Nh6 24. h3 Nf7 25. Re7 Nh6 1-0